Personnalités du 18e siècle - Mort subite. - Statistiques

Statistiques générales
  • Ce quiz a été pris 176 fois
  • Le résultat moyen est 4 sur 13
Answers on the Grid
Answers color-coded by a green-red scale on the quiz's grid according to % correct below.
Louis XVI
Jean-Jacques Rousseau
Charles de Montesquieu
Napoléon Bonaparte
Louis XIV
Impératrice Marie-Thérèse d'Autriche
Nicolas Ier de Russie
Olympe de Gouges
George Washington
James K Polk
Louis-Philippe Ier
Gilbert de La Fayette
Adolphe Thiers
Galilée
Christophe Colomb
Charles II d'Angleterre
Oliver Cromwell
Victor Hugo
Jean-Baptiste Colbert
Pierre Corneille
Abraham Lincoln
Victoria d'Angleterre
Otto von Bismarck
Paul Verlaine
Jean-Baptiste Lully
Alexandre Dumas père
Napoléon III
Madame de Sévigné
 
Statistiques - réponses
Réponse % Correct
Louis XVI
63%
Napoléon Bonaparte
50%
Jean-Jacques Rousseau
49%
Gilbert de La Fayette
42%
Louis XIV
40%
George Washington
39%
Olympe de Gouges
38%
Charles de Montesquieu
37%
Impératrice Marie-Thérèse d'Autriche
26%
Louis-Philippe Ier
16%
Adolphe Thiers
7%
Nicolas Ier de Russie
5%
James K Polk
4%
Aucun quiz correspondant
Distribution des résultats
% des personnes avec chaque résultat
Percentile par nombre de réponses
Votre historique - résultats
Vous n’avez pas pris ce quiz